00439nam a22001577a 450000500170000001000150001702000260003203500130005803700130007110000150008424500350009926000310013427000640016530000200022970000320024920130117141354.0 aENG-106615 a9788124117132c595.00 aEN-90148 bDBAD/PUB aDas, J. P. aComplete plays /cby J. P. Das aNew DelhibHar-Anandc2012 aE-49/3, Okhla Industrial Area, Phase-II,bNew Delhie110020 a256p.c22cm(Hb) aBhattacharjee, Nirmal Kanti